Statistics for PFA Players' Player of the Year Award Winners

Click here to take the quiz!

General Stats

  • This quiz has been taken 34 times
    (12 since last reset)
  • The average score is 28 of 48

Answer Stats

YearTeamPlayer% Correct
1997Newcastle UnitedAlan Shearer
100%
1995Blackburn RoversAlan Shearer
100%
2008Man. UnitedCristiano Ronaldo
100%
2007Man. UnitedCristiano Ronaldo
100%
2015ChelseaEden Hazard
100%
2005ChelseaJohn Terry
100%
2020Man. CityKevin De Bruyne
100%
2021Man. CityKevin De Bruyne
100%
2014LiverpoolLuis Suarez
100%
2018LiverpoolMohamed Salah
100%
2017ChelseaN'Golo Kante
100%
2016Leicester CityRiyad Mahrez
100%
2012ArsenalRobin Van Persie
100%
2006LiverpoolSteven Gerrard
100%
2004ArsenalThierry Henry
100%
2003ArsenalThierry Henry
100%
2019LiverpoolVirgil Van Dijk
100%
2010Man. UnitedWayne Rooney
100%
1994Man. UnitedEric Cantona
83%
2013Tottenham HotspurGareth Bale
83%
2011Tottenham HotspurGareth Bale
83%
2009Man. UnitedRyan Giggs
83%
1998ArsenalDennis Bergkamp
67%
2000Man. UnitedRoy Keane
67%
1984LiverpoolIan Rush
50%
1988LiverpoolJohn Barnes
50%
1987Tottenham HotspurClive Allen
33%
1986EvertonGary Lineker
33%
1983LiverpoolKenny Dalglish
33%
1996Newcastle UnitedLes Ferdinand
33%
1991Man. UnitedMark Hughes
33%
1989Man. UnitedMark Hughes
33%
2002Man. UnitedRuud Van Nistelrooy
33%
2001Man. UnitedTeddy Sheringham
33%
1999Tottenham HotspurDavid Ginola
17%
1990Aston VillaDavid Platt
17%
1992Man. UnitedGary Pallister
17%
1981Ipswich TownJohn Wark
17%
1982SouthamptonKevin Keegan
17%
1979ArsenalLiam Brady
17%
1993Aston VillaPaul McGrath
17%
1985EvertonPeter Reid
17%
1978Nottingham ForestPeter Shilton
17%
1977Aston VillaAndy Gray
0%
1975Derby CountyColin Todd
0%
1974Leeds UnitedNorman Hunter
0%
1976Tottenham HotspurPat Jennings
0%
1980LiverpoolTerry McDermott
0%

Score Distribution

Percentile by Number Answered

Percent of People with Each Score

Your Score History

You have not taken this quiz since the last reset